000 00708nas a2200253 4500
001 BR2017001257
003 BR-BrBNA
005 20231205130926.0
007 ta
008 230509b bl.|||p| |||| 00| 00por d
040 _aBR-BrBNA
_bpor
_cBiblioteca Nacional de Agricultura
041 _a(Pt)
072 _aL01
100 1 _aBreyer, H.F.E.
100 1 _aBreyer, E.
245 1 _aO passo-a-passo na formação de núcleos
650 _aAPICULTURA
650 _aABELHA
650 _aCOLMEIA
650 _aCONDIÇÃO AMBIENTAL
773 0 _tInformativo Zum Zum (Brazil)
_xISSN
_g(Jul-Sep 2016), v. 50(359) p. 4-7
_wBR2017001257
909 _a202311
_bLúcia
_c55
_dLúcia Elande
942 _2AGRIS
_n0
_cANA
999 _c252073
_d252073